| 000 | 02314namaa2200397uu 4500 | ||
|---|---|---|---|
| 001 | doab26955 | ||
| 003 | oapen | ||
| 005 | 20260305123946.0 | ||
| 006 | m o d | ||
| 007 | cr|mn|---annan | ||
| 008 | 210210s2019 xx |||||o ||| 0|eng d | ||
| 020 | _a9780415860741 | ||
| 040 |
_aoapen _coapen |
||
| 041 | 0 | _aeng | |
| 042 | _adc | ||
| 072 | 7 |
_aKC _2bicssc |
|
| 072 | 7 |
_aKJ _2bicssc |
|
| 072 | 7 |
_aKNT _2bicssc |
|
| 720 | 1 |
_aIda, Takanori _4aut |
|
| 245 | 0 | 0 |
_aBroadband Economics _bLessons from Japan |
| 260 |
_bTaylor & Francis _c2019 |
||
| 300 | _a1 online resource (300 p.) | ||
| 336 |
_atext _btxt _2rdacontent |
||
| 337 |
_acomputer _bc _2rdamedia |
||
| 338 |
_aonline resource _bcr _2rdacarrier |
||
| 506 | 0 |
_aFree-to-read _fUnrestricted online access _2star |
|
| 520 | _aJapan's high-speed Internet access services such as ADSL, CATV Internet and FTTH are considered the cheapest and fastest state-of-the-art services drawing international attention. In this book the author introduces the current status of broadband services in Japan and their recent development in competition policy. An econometric model is proposed and discussed to analyse access demand. The purpose of the analysis is to understand quantitively the current status of the rapidly developing Japanese broadband services while providing an academic and practical basis for conceiving prospective competition policies. The book is composed of three parts. The first part introduces the diffusion of current Broadband services, the economics of network industries and related econometric model analysis. The second part elucidates in detail the development of fixed-line broadband services, IP phone services as well as mobile phone services. The third part consequently investigates the migration among broadband services, the fixed and mobile convergence and the digital divide problem. | ||
| 540 |
_aAll rights reserved _uhttp://oapen.org/content/about-rights |
||
| 546 | _aEnglish | ||
| 650 | 7 |
_aBusiness & management _2bicssc |
|
| 650 | 7 |
_aEconomics _2bicssc |
|
| 650 | 7 |
_aMedia, information & communication industries _2bicssc |
|
| 653 | _aeconomics | ||
| 793 | 0 | _aDOAB Library. | |
| 856 | 4 | 0 |
_uhttps://directory.doabooks.org/handle/20.500.12854/26955 _70 _zFree-to-read: DOAB: description of the publication |
| 999 |
_c92695 _d92695 |
||